Normal view
MARC view
Entry Personal Name
001 - CONTROL NUMBER
- control field: 161630
003 - CONTROL NUMBER IDENTIFIER
- control field: OSt
005 - DATE AND TIME OF LATEST TRANSACTION
- control field: 20220923211848.0
008 - FIXED-LENGTH DATA ELEMENTS
- fixed length control field: 220923|| aca||aabn | a|a d
040 ## - CATALOGING SOURCE
- Original cataloging agency: OSt
- Transcribing agency: OSt
100 ## - HEADING--PERSONAL NAME
- Personal name: जोशी, सतीशचन्द्र, संपा
670 ## - SOURCE DATA FOUND
- Source citation: Work cat.: (OSt)304188: जोशी, सतीशचन्द्र, संपा., वराह पुराण, 1982
